| 000 | 01215nam a2200373 i 4500 | ||
|---|---|---|---|
| 001 | 2382 | ||
| 003 | KOSZ 005 | ||
| 005 | 20221125114830.0 | ||
| 008 | 981118s1985 pl a f |000 0 pol | ||
| 015 | _aPB 1985/6914 | ||
| 020 | _a8321332544 | ||
| 040 |
_aWA N _cWA N _dKOSZ 005/HR |
||
| 041 | 0 | _apol | |
| 046 | _k1985 | ||
| 080 | _a628.1 | ||
| 100 | 1 |
_aGabryszewski, Tadeusz _d(1906-1995) _eAutor |
|
| 245 | 1 | 0 |
_aUjęcia wód podziemnych / _cTadeusz Gabryszewski, Artur Wieczysty. |
| 260 |
_aWarszawa : _b"Arkady", _c1985. |
||
| 300 |
_a307, [1] s. : _brys., wykr. ; _c24 cm. |
||
| 336 |
_2rdacontent _aTekst _btxt |
||
| 337 |
_2rdamedia _aBez urządzenia pośredniczącego _bn |
||
| 338 |
_2rdacarrier _aWolumin _bnc |
||
| 380 | _aKsiążki | ||
| 388 | _a1901-2000 | ||
| 388 | _a1945-1989 | ||
| 504 | _aBibliogr. s. 307-308, wykaz norm s. 305-306. | ||
| 650 | 4 | _aStudnie | |
| 650 | 4 | _aWody podziemne | |
| 658 | _aInżynieria i technika | ||
| 700 | 1 |
_aWieczysty, Artur _d(1929-2001) _eAutor |
|
| 710 | 2 |
_aWydawnictwo Arkady _4pbl. |
|
| 856 |
_uhttp://koha.tu.koszalin.pl/cgi-bin/koha/opac-detail.pl?biblionumber=2382 _ykatalog online BPK |
||
| 942 |
_2UKD _cKS |
||
| 999 |
_c2382 _d2382 |
||